MARC details
| 000 -LEADER |
| fixed length control field |
02905cam a2200445Ia 4500 |
| 001 - CONTROL NUMBER |
| control field |
281469 |
| 003 - CONTROL NUMBER IDENTIFIER |
| control field |
GBCCL |
| 005 - DATE AND TIME OF LATEST TRANSACTION |
| control field |
20241126110408.0 |
| 008 - FIXED-LENGTH DATA ELEMENTS--GENERAL INFORMATION |
| fixed length control field |
991020r19991911mau d 000 0ceng d |
| 020 ## - INTERNATIONAL STANDARD BOOK NUMBER |
| International Standard Book Number |
1565634608 |
| 020 ## - INTERNATIONAL STANDARD BOOK NUMBER |
| International Standard Book Number |
9781565634602 |
| 035 ## - SYSTEM CONTROL NUMBER |
| System control number |
(OCoLC)ocm42669816 |
| 035 ## - SYSTEM CONTROL NUMBER |
| System control number |
(OCoLC)42669816 |
| 040 ## - CATALOGING SOURCE |
| Original cataloging agency |
BZM |
| Transcribing agency |
BZM |
| Modifying agency |
OCLCQ |
| -- |
BAKER |
| -- |
YDXCP |
| -- |
OCLCG |
| -- |
AU@ |
| -- |
OCLCA |
| -- |
DEBBG |
| -- |
BDX |
| -- |
SGB |
| -- |
OCLCF |
| 049 ## - |
| -- |
LBBQ |
| 050 #4 - |
| -- |
BR95 |
| -- |
.D472 1999 |
| 082 04 - DEWEY DECIMAL CLASSIFICATION NUMBER |
| Classification number |
270.03 |
| 082 04 - DEWEY DECIMAL CLASSIFICATION NUMBER |
| Classification number |
270.10922 |
| Edition information |
21 |
| Item number |
DIC |
| 090 ## - LOCALLY ASSIGNED LC-TYPE CALL NUMBER (OCLC); LOCAL CALL NUMBER (RLIN) |
| Classification number (OCLC) (R) ; Classification number, CALL (RLIN) (NR) |
BR95 |
| Local cutter number (OCLC) ; Book number/undivided call number, CALL (RLIN) |
.D472 1999 |
| 245 02 - TITLE STATEMENT |
| Title |
A Dictionary of early Christian biography and literature to the end of the sixth century A.D. : |
| Remainder of title |
with an account of the principal sects and heresies / |
| Statement of responsibility, etc. |
edited by Henry Wace and William C. Piercy. |
| 260 ## - PUBLICATION, DISTRIBUTION, ETC. |
| Place of publication, distribution, etc. |
[Peabody, Mass.?] : |
| Name of publisher, distributor, etc. |
Hendrickson Publishers, |
| Date of publication, distribution, etc. |
1999. |
| 300 ## - PHYSICAL DESCRIPTION |
| Extent |
xi, 1028 p. ; |
| Dimensions |
24 cm. |
| 500 ## - GENERAL NOTE |
| General note |
"Reprinted from the edition originally titled 'A Dictionary of Christian biography and literature', published by John Murray, London, 1911."--T.p. verso. |
| 500 ## - GENERAL NOTE |
| General note |
Founded on "the Dictionary of Christian biography, literature, sects, and doctrines, published under the editorship of Dr. Wace and the late Dr. Wm. Smith ... in four large volumes"; the "articles on the great characters of early church history and literature" having been retained "with no material abbreviation."--Pref. |
| 520 ## - SUMMARY, ETC. |
| Summary, etc. |
A remarkably comprehensive work, this volume evolved from the distinguished four-volume Dictionary of Christian Biography and Literature. For anyone serious about the early church and the people who made indelible marks in its story, this is a fundamental resource. Features reliable sketches of major Christian personalities of the first six centuries; Analyzes the documents, creeds, and literature of the early church and its opponents; Describes the principal sects and heretics of early Christianity, including discussions of the theological tendencies of these opponents; Covers more than 600 years of church history in one convenient volume. - Publisher. |
| 648 #7 - SUBJECT ADDED ENTRY--CHRONOLOGICAL TERM |
| Chronological term |
Kirchengeschichte 30-600. |
| Source of heading or term |
swd |
| 9 (RLIN) |
3625 |
| 650 #0 - SUBJECT ADDED ENTRY--TOPICAL TERM |
| Topical term or geographic name entry element |
Christian biography |
| Form subdivision |
Dictionaries. |
| 9 (RLIN) |
1351 |
| 650 #0 - SUBJECT ADDED ENTRY--TOPICAL TERM |
| Topical term or geographic name entry element |
Fathers of the church |
| Form subdivision |
Dictionaries. |
| 9 (RLIN) |
3626 |
| 650 07 - SUBJECT ADDED ENTRY--TOPICAL TERM |
| Topical term or geographic name entry element |
Biographie. |
| Source of heading or term |
swd |
| 9 (RLIN) |
3627 |
| 650 07 - SUBJECT ADDED ENTRY--TOPICAL TERM |
| Topical term or geographic name entry element |
Fr�uhchristentum. |
| Source of heading or term |
swd |
| 9 (RLIN) |
2773 |
| 650 07 - SUBJECT ADDED ENTRY--TOPICAL TERM |
| Topical term or geographic name entry element |
Geschichte. |
| Source of heading or term |
swd |
| 9 (RLIN) |
3628 |
| 650 #7 - SUBJECT ADDED ENTRY--TOPICAL TERM |
| Topical term or geographic name entry element |
Christian biography. |
| Source of heading or term |
fast |
| Authority record control number or standard number |
(OCoLC)fst00858936 |
| 9 (RLIN) |
1119 |
| 650 #7 - SUBJECT ADDED ENTRY--TOPICAL TERM |
| Topical term or geographic name entry element |
Fathers of the church. |
| Source of heading or term |
fast |
| Authority record control number or standard number |
(OCoLC)fst00921916 |
| 9 (RLIN) |
3045 |
| 655 #7 - INDEX TERM--GENRE/FORM |
| Genre/form data or focus term |
Dictionaries. |
| Source of term |
fast |
| Authority record control number or standard number |
(OCoLC)fst01423826 |
| 9 (RLIN) |
3629 |
| 700 1# - ADDED ENTRY--PERSONAL NAME |
| Personal name |
Wace, Henry, |
| Dates associated with a name |
1836-1924. |
| 9 (RLIN) |
3630 |
| 700 1# - ADDED ENTRY--PERSONAL NAME |
| Personal name |
Piercy, William C. |
| Fuller form of name |
(William Coleman) |
| 9 (RLIN) |
3631 |
| 700 1# - ADDED ENTRY--PERSONAL NAME |
| Personal name |
Smith, William, |
| Dates associated with a name |
1813-1893. |
| 9 (RLIN) |
3632 |
| 776 08 - ADDITIONAL PHYSICAL FORM ENTRY |
| Relationship information |
Online version: |
| Title |
Dictionary of early Christian biography and literature to the end of the sixth century A.D. |
| Place, publisher, and date of publication |
[Peabody, Mass.?] : Hendrickson Publishers, 1999 |
| Record control number |
(OCoLC)657162108 |
| 942 ## - ADDED ENTRY ELEMENTS (KOHA) |
| Source of classification or shelving scheme |
Dewey Decimal Classification |
| Koha item type |
Reference Books |